Countries containing an F in alphabetical order - Statistics

General Stats
  • This quiz has been taken 71 times
  • The average score is 6 of 8
Answer Stats
Answer % Correct
Finland
95%
France
94%
Afghanistan
88%
Fiji
88%
Federated States of Micronesia
73%
Burkina Faso
55%
South Africa
45%
Central African Republic
44%
No matching quizzes found
Score Distribution
Percent of People with Each Score
Percentile by Number Answered
Your Score History
You have not taken this quiz